000 00592nam a2200241Ia 4500
003 OSt
005 20220912152445.0
006 a|||||r|||| 00| 0
007 ta
008 220909b |||||||| |||| 00| 0 eng d
024 _a46435
037 _cTextual
040 _aCSL
_beng
_cCSL
041 _aeng
082 _aG11:1996, 113f95L3
100 _aFawett D W
245 0 _aAtlas zur elektronen mikroskopie der zelle
260 _c1973
300 _ap.
_ccm.
650 _aCell
942 _hG11:1996, 113f95L3
_cTEXL
_2CC
999 _c86467
_d86467